| 000 | 00684nam a2200241 i 4500 | ||
|---|---|---|---|
| 001 | 24633 | ||
| 003 | ES-MaACL | ||
| 005 | 20250828061916.0 | ||
| 007 | t| | ||
| 008 | 021218s1969 sp ||||1| spa d | ||
| 080 | _a37.03:176 | ||
| 080 | _a613.88 | ||
| 080 | _a176 | ||
| 100 | 1 |
_aAparicio López, Octavio. _922068 |
|
| 245 | 1 | 3 |
_aLa vida secreta de la mujer / _cOctavio Aparicio López. |
| 260 |
_aMadrid : _b[s.n.], _c1969 ( _fGráf. Torroba) |
||
| 300 |
_a315 p. ; _c17 cm. |
||
| 650 | 7 |
_aEducación sexual _2embne _912121 |
|
| 650 | 4 |
_aHigiene sexual. _9145017 |
|
| 650 | 7 |
_aÉtica sexual _2embne _912591 |
|
| 852 | 4 |
_aES-MaACL _jC-36556 |
|
| 999 |
_c24633 _d24633 |
||